[Event "Gibtelecom Masters 8th"]
[Site "Gibraltar"]
[Date "2010.01.28"]
[Round "4.62"]
[White "Seitz, Benjamin"]
[Black "Schoene, Maria"]
[Result "1-0"]
[WhiteElo "2017"]
[BlackElo "2251"]
[PlyCount "89"]
[EventDate "2010.01.26"]
[EventType "swiss"]
[EventRounds "10"]
[EventCountry "GGB"]
[SourceDate "2005.02.07"]

1. d4 Nf6 2. Nf3 g6 3. c4 Bg7 4. Nc3 O-O 5. e4 d6 6. Be2 e5 7. d5 a5 8. Be3 Ng4
9. Bg5 f6 10. Bh4 h5 11. Nd2 Nh6 12. f3 Nf7 13. a3 Bh6 14. Bf2 f5 15. h4 Bd7
16. b3 c5 17. dxc6 bxc6 18. c5 dxc5 19. Bxc5 Na6 20. Bxa6 Rxa6 21. Bxf8 Qxf8
22. Nc4 Be6 23. Qd3 Bf4 24. Ne2 fxe4 25. fxe4 Qc5 26. Rd1 Ra7 27. Nxf4 exf4 28Qd4 Qe7 29. Ne5 c5 30. Qb2 Rb7 31. Nxf7 Bxf7 32. O-O Rxb3 33. Qd2 Qxe4 34. Rxf4
Qe3+ 35. Qxe3 Rxe3 36. Rd8+ Re8 37. Rxe8+ Bxe8 38. Rc4 a4 39. Rxc5 Kf7 40. Kf2
Ke6 41. Ke3 Kd6 42. Kd4 Bc6 43. g3 Be8 44. Ra5 Bd7 45. Ra6+ 1-0

[Event "Gibtelecom Masters 8th"]
[Site "Gibraltar"]
[Date "2010.01.28"]
[Round "4.63"]
[White "Avalos Parra, Joao"]
[Black "Compton, Alistair"]
[Result "1/2-1/2"]
[WhiteElo "2245"]
[BlackElo "2066"]
[PlyCount "90"]
[EventDate "2010.01.26"]
[EventType "swiss"]
[EventRounds "10"]
[EventCountry "GGB"]
[SourceDate "2005.02.07"]

1. d4 e6 2. c4 d5 3. Nc3 c5 4. cxd5 exd5 5. e4 dxe4 6. Bc4 Nf6 7. Qb3 Be7 8Bxf7+ Kf8 9. Be6 Nc6 10. Bxc8 Nxd4 11. Qd1 Qxc8 12. Nge2 Qg4 13. Ng3 Rd8 14Qxg4 Nc2+ 15. Ke2 Nxg4 16. Rb1 Nd4+ 17. Kf1 Kf7 18. Ngxe4 Rhf8 19. h3 Ne5 20Bf4 Nd3 21. Be3 Kg8 22. g4 Nc2 23. Ke2 Nf4+ 24. Bxf4 Rxf4 25. Kf1 Rd4 26. Ng3
Bh4 27. Nce2 Bxg3 28. Nxg3 Rd2 29. Ne2 Rb4 30. Nc3 Nd4 31. Ne4 Rdxb2 32. Rxb2
Rxb2 33. Nxc5 b6 34. Ne4 Rxa2 35. Kg2 Re2 36. Ng3 Rd2 37. Rc1 Rc2 38. Rd1 Rc4
39. Ne4 a5 40. Nd6 Rb4 41. Re1 g5 42. Re7 a4 43. Ne4 a3 44. Nf6+ Kf8 45. Rd7 a2
1/2-1/2

[Event "Gibtelecom Masters 8th"]
[Site "Gibraltar"]
[Date "2010.01.28"]
[Round "4.64"]
[White "Steinskog, Asbjorn Ottesen"]
[Black "Marchand, Francois"]
[Result "1/2-1/2"]
[WhiteElo "1884"]
[BlackElo "2244"]
[PlyCount "63"]
[EventDate "2010.01.26"]
[EventType "swiss"]
[EventRounds "10"]
[EventCountry "GGB"]
[SourceDate "2005.02.07"]

1. d4 d5 2. Nf3 Nf6 3. c4 dxc4 4. e3 e6 5. Bxc4 c5 6. Nc3 a6 7. a4 Nc6 8. O-Qc7 9. Qe2 Bd6 10. dxc5 Bxc5 11. e4 Ng4 12. g3 Nge5 13. Nxe5 Nxe5 14. Bf4 Bd6
15. Ba2 O-O 16. Rac1 Qe7 17. Rfd1 g5 18. Bxe5 Bxe5 19. Bc4 Bd7 20. b3 Bc6 21Nb1 Qf6 22. Nd2 Bd4 23. Nf3 Bb6 24. h3 Kh8 25. Nh2 Qe5 26. Qg4 f5 27. exf5 exf5
28. Nf3 Qc5 29. Qd4+ Qxd4 30. Nxd4 Be4 31. Ne6 Rfe8 32. Nxg5 1/2-1/2

[Event "Gibtelecom Masters 8th"]
[Site "Gibraltar"]
[Date "2010.01.28"]
[Round "4.65"]
[White "Lacrosse, Marc"]
[Black "Cafolla, Peter"]
[Result "0-1"]
[WhiteElo "2220"]
[BlackElo "2042"]
[PlyCount "68"]
[EventDate "2010.01.26"]
[EventType "swiss"]
[EventRounds "10"]
[EventCountry "GGB"]
[SourceDate "2005.02.07"]

1. d4 d5 2. c4 e6 3. Nc3 c5 4. cxd5 exd5 5. Nf3 Nc6 6. g3 Nf6 7. Bg2 Be7 8. O-O-O 9. Bg5 cxd4 10. Nxd4 h6 11. Be3 Bg4 12. h3 Be6 13. Rc1 Qd7 14. Kh2 Rad8 15Nxc6 bxc6 16. Na4 Rfe8 17. Qc2 Rc8 18. Nc5 Bxc5 19. Qxc5 Bf5 20. Rfd1 Qb7 21Rd2 Re7 22. Rc3 Be4 23. Bd4 Bxg2 24. Bxf6 Re6 25. Bxg7 Bxh3 26. Bd4 Bf1 27. Be3
Qd7 28. Rxd5 Rd6 29. Rh5 Rd5 30. Rxh6 Rxc5 31. Rxc5 f5 32. Rg6+ Kf7 33. Rh6 Kg7
34. Kg1 Bxe2 0-1

[Event "Gibtelecom Masters 8th"]
[Site "Gibraltar"]
[Date "2010.01.28"]
[Round "4.66"]
[White "Tscharotschkin, Michael"]
[Black "Hawkins, James N H"]
[Result "1-0"]
[WhiteElo "2211"]
[BlackElo "2019"]
[PlyCount "87"]
[EventDate "2010.01.26"]
[EventType "swiss"]
[EventRounds "10"]
[EventCountry "GGB"]
[SourceDate "2005.02.07"]

1. d4 Nf6 2. Nf3 b6 3. Bf4 Bb7 4. e3 g6 5. Be2 Bg7 6. O-O O-O 7. h3 d6 8. c4
Nbd7 9. Nc3 Re8 10. Bh2 e5 11. dxe5 dxe5 12. Qc2 a6 13. Rfd1 Qe7 14. a3 e4 15Nd2 Nf8 16. b4 Rad8 17. Nb3 Ne6 18. Rxd8 Rxd8 19. Rd1 Rxd1+ 20. Qxd1 Qd7 21Qxd7 Nxd7 22. Nd5 c6 23. Nc7 Nxc7 24. Bxc7 Bb2 25. a4 Ba3 26. b5 cxb5 27. cxb5
axb5 28. Bxb5 Bc8 29. Nd2 f5 30. Nc4 Bc5 31. Bxd7 Bxd7 32. Bxb6 Bxb6 33. Nxb6
Bc6 34. a5 Bb5 35. Nd5 Kf7 36. Nc7 Bc6 37. a6 Ke7 38. a7 Kd7 39. a8=Q Bxa8 40Nxa8 Kc6 41. g4 Kb7 42. gxf5 gxf5 43. Kg2 Kxa8 44. Kg3 1-0

[Event "Gibtelecom Masters 8th"]
[Site "Gibraltar"]
[Date "2010.01.28"]
[Round "4.67"]
[White "De Lillo, Michele"]
[Black "Kawuma, Steven Male"]
[Result "1/2-1/2"]
[WhiteElo "1934"]
[BlackElo "2187"]
[PlyCount "60"]
[EventDate "2010.01.26"]
[EventType "swiss"]
[EventRounds "10"]
[EventCountry "GGB"]
[SourceDate "2005.02.07"]

1. e4 c5 2. Nf3 Nc6 3. d4 cxd4 4. Nxd4 Nf6 5. Nc3 e5 6. Ndb5 d6 7. Bg5 a6 8Na3 b5 9. Nd5 Be7 10. Bxf6 Bxf6 11. c3 O-O 12. Nc2 Rb8 13. Bd3 Be6 14. Nce3 Bg5
15. a3 Qd7 16. O-O Ne7 17. Qh5 Bxe3 18. Nxe3 f6 19. Rad1 Rfc8 20. Qe2 Rc5 21Rd2 Rd8 22. Rfd1 Qc7 23. Bc2 Rc6 24. g3 Rb6 25. Bd3 g6 26. h4 h5 27. Kh2 Kg7
28. Bc2 Qb8 29. Qf3 Rh8 30. Qg2 Qc7 1/2-1/2

[Event "Gibtelecom Masters 8th"]
[Site "Gibraltar"]
[Date "2010.01.28"]
[Round "4.69"]
[White "Lasinskas, Povilas"]
[Black "Skage, Oystein Aagedal"]
[Result "0-1"]
[WhiteElo "2174"]
[BlackElo "1935"]
[PlyCount "68"]
[EventDate "2010.01.26"]
[EventType "swiss"]
[EventRounds "10"]
[EventCountry "GGB"]
[SourceDate "2005.02.07"]

1. d4 Nf6 2. c4 g6 3. Nc3 Bg7 4. Bg5 d6 5. Qc2 O-O 6. Rd1 Nbd7 7. Nf3 c5 8. e4
cxd4 9. Nxd4 Qa5 10. Bh4 Nc5 11. f3 Ne6 12. Nb3 Qe5 13. Nd5 Nf4 14. Bg3 N6h5
15. Nxf4 Nxf4 16. Rd2 Qg5 17. Nd4 Bxd4 18. Rxd4 Nxg2+ 19. Bxg2 Qe3+ 20. Kf1
Qxd4 21. h4 Be6 22. b3 b5 23. Bf2 Qe5 24. Qd2 bxc4 25. Bd4 Qh5 26. bxc4 Bxc4+
27. Kg1 Rab8 28. Qc2 Rfc8 29. Bf2 e6 30. Bh3 Rb1+ 31. Kh2 Rb2 32. Kg1 Qxh4 33Bf1 Qg4+ 34. Bg2 Qxg2+ 0-1

[Event "Gibtelecom Masters 8th"]
[Site "Gibraltar"]
[Date "2010.01.28"]
[Round "4.70"]
[White "Pettersen, Joar Gullestad"]
[Black "Nezad, Husein Aziz"]
[Result "0-1"]
[WhiteElo "2020"]
[BlackElo "2408"]
[PlyCount "102"]
[EventDate "2010.01.26"]
[EventType "swiss"]
[EventRounds "10"]
[EventCountry "GGB"]
[SourceDate "2005.02.07"]

1. d4 d5 2. c4 e6 3. Nf3 c6 4. Nbd2 Nf6 5. g3 Be7 6. Bg2 Nbd7 7. O-O O-O 8. Qc2
b6 9. e4 Bb7 10. e5 Ne8 11. cxd5 exd5 12. Nb1 Nc7 13. Nc3 Ne6 14. Be3 f5 15exf6 Bxf6 16. Rad1 Qe8 17. b4 b5 18. a4 a6 19. Ne2 Nb6 20. a5 Nc4 21. Bf4 Qe7
22. Qc3 Rae8 23. Rfe1 Qf7 24. Be5 Be7 25. Rf1 Bc8 26. Nd2 Ng5 27. f4 Nh3+ 28Kh1 Bg4 29. Bf3 h5 30. Nc1 Qg6 31. Rde1 Bf5 32. Re2 Rf7 33. Rfe1 Bf8 34. Rg2
Bg4 35. Bxg4 hxg4 36. Nd3 Qf5 37. Nf1 Qg6 38. Ne3 Kh7 39. Rge2 Kg8 40. Rg2 Qh5
41. Qc2 Re6 42. Qd1 Nxe3 43. Rxe3 Qf5 44. Rge2 Kh7 45. Kg2 Kg8 46. Qd2 g5 47Re1 Bh6 48. Bb8 Re4 49. Rxe4 dxe4 50. Ne5 gxf4 51. Nxf7 f3+ 0-1

[Event "Gibtelecom Masters 8th"]
[Site "Gibraltar"]
[Date "2010.01.28"]
[Round "4.71"]
[White "Odeh, Kenneth"]
[Black "Calzetta Ruiz, Monica"]
[Result "0-1"]
[WhiteElo "2012"]
[BlackElo "2359"]
[PlyCount "120"]
[EventDate "2010.01.26"]
[EventType "swiss"]
[EventRounds "10"]
[EventCountry "GGB"]
[SourceDate "2005.02.07"]

1. e4 c5 2. Nc3 Nc6 3. g3 g6 4. Bg2 Bg7 5. d3 d6 6. Be3 Nf6 7. h3 Rb8 8. Qd2 h5
9. Nge2 b5 10. O-O b4 11. Nd1 h4 12. f4 e5 13. f5 hxg3 14. Bg5 gxf5 15. exf5
Bb7 16. Nxg3 Kd7 17. Nf2 Qb6 18. c3 Rbg8 19. c4 Nd4 20. Nfe4 Nxe4 21. Nxe4 f6
22. Be3 Bxe4 23. dxe4 Qb7 24. Kh2 Kc8 25. Qf2 Bh6 26. Rg1 Bxe3 27. Qxe3 Nc2 28Qe2 Nxa1 29. Rxa1 Qg7 30. Qf2 Rh4 31. Bf3 Rf4 32. Rf1 Rh8 33. Qg3 Qxg3+ 34Kxg3 Rg8+ 35. Kf2 Rh4 36. Bg4 Kc7 37. Kg3 Rh7 38. Rg1 d5 39. cxd5 Kd6 40. Rc1
Rb7 41. b3 a5 42. Kh2 a4 43. bxa4 Ra7 44. Bd1 Rag7 45. Bg4 Rxg4 46. hxg4 Rxg4
47. Re1 c4 48. a5 Rg8 49. Rc1 Kc5 50. Rd1 Kb5 51. d6 Kxa5 52. d7 Rd8 53. Kg3 c3
54. Kg4 Ka4 55. Kh5 Ka3 56. Kg6 c2 57. Rc1 Kb2 58. Kxf6 Kxc1 59. Ke7 Rxd7+ 60Kxd7 Kb2 0-1

[Event "Gibtelecom Masters 8th"]
[Site "Gibraltar"]
[Date "2010.01.28"]
[Round "4.72"]
[White "Stanek, Stanislav"]
[Black "Lovik, Lasse Ostebo"]
[Result "0-1"]
[WhiteElo "2007"]
[BlackElo "2343"]
[PlyCount "154"]
[EventDate "2010.01.26"]
[EventType "swiss"]
[EventRounds "10"]
[EventCountry "GGB"]
[SourceDate "2005.02.07"]

1. d4 Nf6 2. Bf4 e6 3. e3 c5 4. c3 b6 5. Nd2 Bb7 6. Ngf3 Be7 7. Bd3 O-O 8. O-d6 9. Qe2 Nbd7 10. Ba6 Bxa6 11. Qxa6 Nh5 12. Bg3 Re8 13. Rfd1 Qc7 14. Nf1 Rac8
15. Qd3 Nxg3 16. Nxg3 g6 17. Rd2 d5 18. e4 cxd4 19. cxd4 dxe4 20. Nxe4 Red8 21Rad1 Nf6 22. a3 Nd5 23. Qb3 Bf8 24. Ng3 Bg7 25. Ne2 Bh6 26. Rd3 Qc2 27. Kf1 b5
28. Qxc2 Rxc2 29. Rb3 a6 30. Ne1 Rc4 31. Rbd3 Bf8 32. f4 a5 33. g3 a4 34. Kf2
Rb8 35. Ng2 b4 36. b3 Rc7 37. axb4 Nxb4 38. Rc3 Rxc3 39. Nxc3 axb3 40. Rb1 Bg7
41. Rxb3 Nd3+ 42. Ke3 Rxb3 43. Kxd3 Rb2 44. Nh4 Rxh2 45. Nf3 Rb2 46. Ne4 Kf8
47. Nfd2 Ke7 48. Nc4 Rb1 49. Ne3 h5 50. d5 Rb3+ 51. Kd2 exd5 52. Nxd5+ Kf8 53Ne3 Bd4 54. Nf1 Kg7 55. Ke2 Rb2+ 56. Kd3 Ba7 57. Nfd2 Ra2 58. Nc3 Ra6 59. Nc4
Bf2 60. Ne4 Be1 61. Ke2 Re6 62. Kf3 f6 63. Ne3 f5 64. Ng5 Rd6 65. Nc4 Rd3+ 66Ke2 Rc3 67. Ne3 Bxg3 68. Ne6+ Kh6 69. Nd5 Rc6 70. Nd8 Rc5 71. Nf6 Bxf4 72. Ng8+
Kh7 73. Nf6+ Kh8 74. Kf3 Bg5 75. Nf7+ Kg7 76. Nxg5 Kxf6 77. Ne4+ fxe4+ 0-1

[Event "Gibtelecom Masters 8th"]
[Site "Gibraltar"]
[Date "2010.01.28"]
[Round "4.73"]
[White "Campbell, Ian"]
[Black "Hartvig, Ove Weiss"]
[Result "0-1"]
[WhiteElo "2002"]
[BlackElo "2245"]
[PlyCount "60"]
[EventDate "2010.01.26"]
[EventType "swiss"]
[EventRounds "10"]
[EventCountry "GGB"]
[SourceDate "2005.02.07"]

1. Nf3 c5 2. g3 g6 3. Bg2 Bg7 4. O-O Nc6 5. c3 e5 6. e4 Nge7 7. d3 O-O 8. Be3
d6 9. Qd2 Re8 10. Rd1 b6 11. d4 exd4 12. cxd4 Bg4 13. dxc5 dxc5 14. Qxd8 Raxd8
15. Rxd8 Rxd8 16. Nc3 Nd4 17. Ne1 Nec6 18. f3 Be6 19. Rc1 Nb4 20. Kf2 Rd7 21a3 Nbc6 22. Bf1 Nb3 23. Rb1 Nd2 24. Ra1 Nxf1 25. Kxf1 Na5 26. h4 Nc4 27. Bc1
Nd2+ 28. Ke2 Nb3 29. Rb1 Bc4+ 30. Kf2 Bxc3 0-1

[Event "Gibtelecom Masters 8th"]
[Site "Gibraltar"]
[Date "2010.01.28"]
[Round "4.74"]
[White "Kandic, Milan"]
[Black "Lombart, Philippe"]
[Result "1/2-1/2"]
[WhiteElo "2216"]
[BlackElo "1996"]
[PlyCount "130"]
[EventDate "2010.01.26"]
[EventType "swiss"]
[EventRounds "10"]
[EventCountry "GGB"]
[SourceDate "2005.02.07"]

1. e4 e5 2. Nf3 Nc6 3. Bc4 Nf6 4. d3 Bc5 5. O-O O-O 6. c3 d6 7. b4 Bb6 8. a4 a5
9. b5 Ne7 10. Bg5 Ng6 11. h3 h6 12. Be3 c6 13. Qd2 Bxe3 14. fxe3 d5 15. exd5
cxd5 16. Bb3 Be6 17. Na3 Rc8 18. c4 dxc4 19. Bxc4 Bxc4 20. Nxc4 e4 21. Nd4 exd3
22. Nxa5 Ne5 23. Rf4 Nd5 24. Rf5 Re8 25. Nab3 Nc4 26. Qxd3 Ncxe3 27. Rf2 Qg5
28. Qd2 Nf4 29. Kh1 Rcd8 30. Re1 Nfd5 31. Nf3 Qg3 32. Nbd4 Nc4 33. Rxe8+ Rxe8
34. Nf5 Qxf3 35. gxf3 Nxd2 36. Rxd2 Nc3 37. Rd7 Nxa4 38. Rxb7 Nc5 39. Rc7 Ne6
40. b6 Rb8 41. Rc8+ Rxc8 42. Ne7+ Kf8 43. Nxc8 Nd8 44. Nd6 Ke7 45. b7 Nc6 46Nf5+ Kf6 47. Nd6 Ke7 48. Nc4 Nb8 49. Kg2 Ke6 50. Kg3 f5 51. Kh4 g6 52. f4 Kf6
53. Nd6 Ke7 54. Nb5 Ke6 55. Nc7+ Kd7 56. Nb5 Kc6 57. Nd4+ Kxb7 58. Nxf5 gxf5
59. Kh5 Kc7 60. Kxh6 Kd7 61. Kg6 Ke7 62. h4 Nd7 63. h5 Nf8+ 64. Kxf5 Kf7 65. h6
Nh7 1/2-1/2

[Event "Gibtelecom Masters 8th"]
[Site "Gibraltar"]
[Date "2010.01.28"]
[Round "4.75"]
[White "Perez Reisler, Jose"]
[Black "Tate, Alan"]
[Result "0-1"]
[WhiteElo "2001"]
[BlackElo "2211"]
[PlyCount "78"]
[EventDate "2010.01.26"]
[EventType "swiss"]
[EventRounds "10"]
[EventCountry "GGB"]
[SourceDate "2005.02.07"]

1. e4 c5 2. Nf3 d6 3. d4 Nf6 4. Nc3 cxd4 5. Nxd4 a6 6. f3 e5 7. Nb3 Be6 8. Be3
h5 9. Qd2 Nbd7 10. Bd3 Rc8 11. O-O-O b5 12. h3 h4 13. f4 Qc7 14. Kb1 Be7 15. f5
Bc4 16. Bg5 Nb6 17. Rc1 b4 18. Nd5 Nfxd5 19. exd5 f6 20. Be3 Nxd5 21. Bf2 O-22. Bxh4 a5 23. Bxc4 Qxc4 24. Nxa5 Qb5 25. Nb3 Nc3+ 26. bxc3 bxc3 27. Qd3 Qa4
28. Qd5+ Kh8 29. Qa5 Qxh4 30. Rhd1 Qc4 31. Rd3 Ra8 32. Qxc3 Qa4 33. Qb2 d5 34Re1 Ba3 35. Qa1 Rfc8 36. Re2 Qf4 37. Rf3 Qc4 38. Ref2 Bb4 39. Kc1 Qe4 0-1

[Event "Gibtelecom Masters 8th"]
[Site "Gibraltar"]
[Date "2010.01.28"]
[Round "4.76"]
[White "Ivanov, Stojan Emilov"]
[Black "Mikalsen, Erlend"]
[Result "1-0"]
[WhiteElo "2198"]
[BlackElo "1973"]
[PlyCount "61"]
[EventDate "2010.01.26"]
[EventType "swiss"]
[EventRounds "10"]
[EventCountry "GGB"]
[SourceDate "2005.02.07"]

1. d4 d5 2. Nf3 Nf6 3. c4 c6 4. e3 e6 5. Nc3 Nbd7 6. Qc2 Bd6 7. Bd3 dxc4 8Bxc4 b5 9. Bd3 Bb7 10. O-O O-O 11. e4 e5 12. dxe5 Nxe5 13. Nxe5 Bxe5 14. h3 Nd7
15. Be3 g6 16. f4 Bg7 17. e5 a6 18. Ne4 Qc7 19. Rac1 Nb6 20. Bc5 Rfd8 21. Bd6
Qc8 22. Nc5 Nd5 23. Nxb7 Qxb7 24. Qxc6 Qxc6 25. Rxc6 Bf8 26. Be4 Ne3 27. Rfc1
Bxd6 28. exd6 Ra7 29. Rc7 Rd7 30. Rxa7 Rxa7 31. Rc7 1-0

[Event "Gibtelecom Masters 8th"]
[Site "Gibraltar"]
[Date "2010.01.28"]
[Round "4.77"]
[White "Ashby, Anthony C"]
[Black "Helin, Mikael"]
[Result "1/2-1/2"]
[WhiteElo "2178"]
[BlackElo "1972"]
[PlyCount "72"]
[EventDate "2010.01.26"]
[EventType "swiss"]
[EventRounds "10"]
[EventCountry "GGB"]
[SourceDate "2005.02.07"]

1. e4 g6 2. d4 Bg7 3. Nf3 d6 4. Be2 a6 5. c4 Bg4 6. Nc3 Nc6 7. Be3 e5 8. d5
Nce7 9. h3 Bc8 10. Nd2 f5 11. Bg5 h6 12. Bxe7 Qxe7 13. Qc2 Nf6 14. O-O-O O-15. Rdg1 f4 16. g3 g5 17. g4 Nh7 18. f3 Rf7 19. Kd1 Bf6 20. Ke1 Nf8 21. Kf2 Ng6
22. b4 Rh7 23. Nb3 b6 24. c5 Bd7 25. Bc4 Kg7 26. c6 Be8 27. a4 Bf7 28. Ke1 Nh4
29. Nd2 Qf8 30. Qd3 Qc8 31. Kd1 Bg6 32. Qe2 Rh8 33. Kc2 Ra7 34. Rb1 Qa8 35. Bd3
Rb8 36. Rhc1 Rh8 1/2-1/2

[Event "Gibtelecom Masters 8th"]
[Site "Gibraltar"]
[Date "2010.01.28"]
[Round "4.78"]
[White "Weber, Francois"]
[Black "Webster, Richard J"]
[Result "1-0"]
[WhiteElo "2149"]
[BlackElo "1961"]
[PlyCount "83"]
[EventDate "2010.01.26"]
[EventType "swiss"]
[EventRounds "10"]
[EventCountry "GGB"]
[SourceDate "2005.02.07"]

1. d4 Nf6 2. Bg5 b6 3. c4 Ne4 4. Bh4 g6 5. f3 Nd6 6. e4 Bg7 7. Nc3 Nc6 8. Nd5
O-O 9. Rc1 f6 10. c5 bxc5 11. dxc5 Nf7 12. Bg3 e5 13. b4 Rb8 14. a3 Nd4 15. Ne2
Ne6 16. Qa4 c6 17. Ne3 Bh6 18. Rc3 a5 19. Ng4 Bg7 20. Nc1 axb4 21. axb4 f5 22Ne3 f4 23. Nc4 fxg3 24. hxg3 Qg5 25. Kf2 Nc7 26. Ne2 Ra8 27. Na5 Nb5 28. Rd3
Nd4 29. f4 Qg4 30. Nxd4 exd4 31. Rf3 Qe6 32. f5 gxf5 33. exf5 Qf6 34. Qb3 Kh8
35. Nc4 Ba6 36. Rf4 h6 37. Nb6 Ra7 38. Bxa6 Rxa6 39. Nxd7 Qe7 40. Nxf8 Bxf8 41Re1 Qa7 42. Re8 1-0

[Event "Gibtelecom Masters 8th"]
[Site "Gibraltar"]
[Date "2010.01.28"]
[Round "4.79"]
[White "Daoudi, Kamal"]
[Black "Boesch, Heinz"]
[Result "1-0"]
[WhiteElo "2142"]
[BlackElo "1948"]
[PlyCount "77"]
[EventDate "2010.01.26"]
[EventType "swiss"]
[EventRounds "10"]
[EventCountry "GGB"]
[SourceDate "2005.02.07"]

1. e4 d5 2. exd5 Nf6 3. c4 e6 4. dxe6 Bxe6 5. d4 Bb4+ 6. Nc3 Qe7 7. Be3 Ng4 8Nf3 Nxe3 9. fxe3 Bg4 10. Kf2 Bxc3 11. bxc3 O-O 12. Bd3 c5 13. Rb1 Nc6 14. Re1
Rad8 15. Kg1 Rfe8 16. Qe2 Qf6 17. Qf2 Re7 18. Qg3 Bh5 19. Ng5 Bg6 20. Rf1 Qd6
21. Bxg6 Qxg6 22. Qf4 f6 23. Nh3 Rde8 24. Qd6 cxd4 25. exd4 Qc2 26. Qd5+ Kh8
27. Rbc1 Qd2 28. Nf4 Re1 29. Rcxe1 Rxe1 30. Qf3 Re3 31. Qh5 Re1 32. Qf3 Re3 33Qg4 h6 34. Ng6+ Kh7 35. Nf8+ Kg8 36. Nd7 Re1 37. Nxf6+ Kf7 38. Qh5+ Ke7 39Qe8+ 1-0

[Event "Gibtelecom Masters 8th"]
[Site "Gibraltar"]
[Date "2010.01.28"]
[Round "4.80"]
[White "Marder, Simon"]
[Black "Thingstad, Even"]
[Result "0-1"]
[WhiteElo "1993"]
[BlackElo "2141"]
[PlyCount "84"]
[EventDate "2010.01.26"]
[EventType "swiss"]
[EventRounds "10"]
[EventCountry "GGB"]
[SourceDate "2005.02.07"]

1. d4 Nf6 2. Bg5 e6 3. e3 b6 4. Qf3 d5 5. Nd2 Bb7 6. Bd3 Be7 7. c3 Nbd7 8. Bf4
c5 9. Ne2 O-O 10. Qh3 Re8 11. f3 Nf8 12. g4 Bd6 13. Bxd6 Qxd6 14. g5 N6d7 15f4 Rab8 16. a3 a5 17. Kf2 b5 18. Nf3 b4 19. Ne5 Ba6 20. axb4 Bxd3 21. dxc5 Qa6
22. Rxa5 Bxe2 23. Re1 Qc8 24. Nxd7 Nxd7 25. Kxe2 Qd8 26. Kf2 e5 27. Qg3 Qe7 28c6 Nb6 29. fxe5 Qe6 30. Rc5 Na4 31. Ra5 Nxb2 32. Rb1 Nd3+ 33. Kg2 Qxc6 34. b5
Qxc3 35. Rba1 Qb2+ 36. Kh3 Nf2+ 37. Kh4 Ne4 38. Qf4 h6 39. Kh3 hxg5 40. Qf3 Rb6
41. Ra6 Rh6+ 42. Rxh6 Qxa1 0-1

[Event "Gibtelecom Masters 8th"]
[Site "Gibraltar"]
[Date "2010.01.28"]
[Round "4.81"]
[White "Aerni, Andi"]
[Black "Grant, David"]
[Result "1-0"]
[WhiteElo "2137"]
[BlackElo "1913"]
[PlyCount "55"]
[EventDate "2010.01.26"]
[EventType "swiss"]
[EventRounds "10"]
[EventCountry "GGB"]
[SourceDate "2005.02.07"]

1. d4 g6 2. e4 Bg7 3. Nc3 d6 4. f4 c5 5. dxc5 Qa5 6. cxd6 Bxc3+ 7. bxc3 Qxc3+
8. Bd2 Qd4 9. Bd3 Qxd6 10. Nf3 Nc6 11. O-O Nh6 12. Kh1 Qc5 13. Qe1 Ng4 14. h3
h5 15. f5 Nge5 16. fxg6 Nxg6 17. Rb1 e5 18. Rb5 Qe7 19. Bc4 Nd8 20. Bb4 Qc7 21Rc5 Nc6 22. Ng5 f6 23. Bf7+ Qxf7 24. Nxf7 Kxf7 25. Bd2 Nce7 26. Rc7 Rd8 27. Qf2
Rd6 28. Bg5 1-0

[Event "Gibtelecom Masters 8th"]
[Site "Gibraltar"]
[Date "2010.01.28"]
[Round "4.82"]
[White "Green, Per"]
[Black "Popa-Matei, Viorel-Ovidiu"]
[Result "1/2-1/2"]
[WhiteElo "1970"]
[BlackElo "2137"]
[PlyCount "90"]
[EventDate "2010.01.26"]
[EventType "swiss"]
[EventRounds "10"]
[EventCountry "GGB"]
[SourceDate "2005.02.07"]

1. Nf3 d5 2. d4 c6 3. c4 e6 4. e3 Nf6 5. b3 Nbd7 6. Bd3 Bd6 7. Bb2 O-O 8. Nbd2
Re8 9. Ne5 dxc4 10. Bxc4 Qa5 11. f4 Ne4 12. Bd3 Nxd2 13. Ke2 f6 14. Nxd7 Bxd7
15. Qxd2 Bb4 16. Qc2 Qh5+ 17. Kf2 Bd6 18. Qe2 Qh6 19. Qf3 e5 20. g3 Rac8 21Rad1 exf4 22. gxf4 Re7 23. Bc1 f5 24. Qg3 Rce8 25. h4 Be6 26. Qg5 Qxg5 27. hxg5
Bd5 28. Rh3 g6 29. Bb2 b5 30. Rc1 a5 31. Rg3 Ra8 32. Bc3 a4 33. Bc2 axb3 34Bxb3 Bxb3 35. axb3 Ra2+ 36. Kf3 Rea7 37. Rg2 Rxg2 38. Kxg2 Kf7 39. Kf3 Ke6 40e4 Ra3 41. Rb1 b4 42. Bd2 Ra2 43. Be3 Ra3 44. Bf2 Ra2 45. Be3 Ra3 1/2-1/2

[Event "Gibtelecom Masters 8th"]
[Site "Gibraltar"]
[Date "2010.01.28"]
[Round "4.83"]
[White "Andersson, Lars"]
[Black "Bishop, Geoffrey L"]
[Result "1-0"]
[WhiteElo "2132"]
[BlackElo "1851"]
[PlyCount "77"]
[EventDate "2010.01.26"]
[EventType "swiss"]
[EventRounds "10"]
[EventCountry "GGB"]
[SourceDate "2005.02.07"]

1. f4 Nf6 2. Nf3 g6 3. g3 Bg7 4. Bg2 O-O 5. O-O d6 6. d3 Nc6 7. Nc3 e5 8. e4
Bg4 9. h3 Bxf3 10. Qxf3 Nd4 11. Qf2 c6 12. Be3 Nh5 13. f5 g5 14. Bf3 Nf6 15Bxg5 Qb6 16. Bg2 Qxb2 17. Ne2 Qxc2 18. Nxd4 Qxf2+ 19. Rxf2 exd4 20. Rb1 b6 21g4 Rac8 22. Bh4 Rfe8 23. g5 Nd7 24. f6 Bf8 25. Bg3 Ne5 26. Bxe5 dxe5 27. h4 c5
28. Bh3 Rc7 29. h5 c4 30. dxc4 Rxc4 31. Bf5 d3 32. Rd2 Bc5+ 33. Kh1 Rd8 34Rbd1 Rcd4 35. g6 h6 36. Rg1 R4d6 37. gxf7+ Kxf7 38. Rg7+ Kxf6 39. Rdg2 1-0

[Event "Gibtelecom Masters 8th"]
[Site "Gibraltar"]
[Date "2010.01.28"]
[Round "4.84"]
[White "Young, Melvyn"]
[Black "Osuna Vega, Enrique"]
[Result "1/2-1/2"]
[WhiteElo "1717"]
[BlackElo "2128"]
[PlyCount "35"]
[EventDate "2010.01.26"]
[EventType "swiss"]
[EventRounds "10"]
[EventCountry "GGB"]
[SourceDate "2005.02.07"]

1. e4 d6 2. f4 Nf6 3. Nc3 d5 4. e5 d4 5. exf6 dxc3 6. fxe7 cxd2+ 7. Bxd2 Qxe7+
8. Qe2 Nc6 9. Qxe7+ Bxe7 10. O-O-O O-O 11. Nf3 Be6 12. a3 Bf5 13. Bc4 Bf6 14Rde1 Rad8 15. Rhf1 Nd4 16. Nxd4 Bxd4 17. Be3 Bf6 18. Bc5 1/2-1/2

[Event "Gibtelecom Masters 8th"]
[Site "Gibraltar"]
[Date "2010.01.28"]
[Round "4.85"]
[White "De Andres Gonalons, Fernando"]
[Black "Yarur Elsaca, Daniel"]
[Result "1-0"]
[WhiteElo "2124"]
[BlackElo "1815"]
[PlyCount "101"]
[EventDate "2010.01.26"]
[EventType "swiss"]
[EventRounds "10"]
[EventCountry "GGB"]
[SourceDate "2005.02.07"]

1. d4 d5 2. c4 Bf5 3. Nf3 Bxb1 4. Rxb1 Nf6 5. Qb3 dxc4 6. Qxb7 Nbd7 7. Bf4 e5
8. dxe5 Rb8 9. Qc6 Bb4+ 10. Bd2 Bxd2+ 11. Nxd2 Rb6 12. Qa4 Nd5 13. Nxc4 Nc3 14Qc2 Nxb1 15. Nxb6 axb6 16. Qxb1 Nxe5 17. Qe4 Qe7 18. f4 Ng6 19. Qc6+ Kd8 20Qa8+ Kd7 21. Qd5+ Kc8 22. Qa8+ Kd7 23. Qa4+ Kc8 24. g3 Re8 25. Qa8+ Kd7 26Bh3+ Kd6 27. Qa3+ c5 28. Qd3+ Kc7 29. O-O Qe3+ 30. Qxe3 Rxe3 31. Kf2 Re7 32Rd1 Nf8 33. Kf3 Ne6 34. e3 Kc6 35. Bf1 h6 36. g4 Nc7 37. h4 Nd5 38. Bb5+ Kxb5
39. Rxd5 Kc6 40. e4 Ra7 41. a3 c4 42. Rd8 b5 43. g5 Kc7 44. Rg8 c3 45. bxc3
Rxa3 46. Rxg7 Rxc3+ 47. Kg4 hxg5 48. fxg5 b4 49. g6 b3 50. gxf7 b2 51. f8=Q+
1-0